header

College mathematics for technology. (Record no. 251259)

MARC details
000 -LEADER
fixed length control field 01123cam a2200301 a 4500
001 - CONTROL NUMBER
control field 13128501
003 - CONTROL NUMBER IDENTIFIER
control field OSt
005 - DATE AND TIME OF LATEST TRANSACTION
control field 20151112131052.0
008 - FIXED-LENGTH DATA ELEMENTS--GENERAL INFORMATION
fixed length control field 030319s2004 njua 001 0 eng
010 ## - LIBRARY OF CONGRESS CONTROL NUMBER
LC control number 2003045616
020 ## - INTERNATIONAL STANDARD BOOK NUMBER
International Standard Book Number 0130486930
040 ## - CATALOGING SOURCE
Original cataloging agency DLC
Transcribing agency DLC
Modifying agency DLC
050 00 - LIBRARY OF CONGRESS CALL NUMBER
Classification number QA39.3
Item number .C535 2004
082 00 - DEWEY DECIMAL CLASSIFICATION NUMBER
Classification number 512/.1
Edition number 21
100 1# - MAIN ENTRY--PERSONAL NAME
Personal name Cleaves, Cheryl,
Dates associated with a name 1944-
240 10 - UNIFORM TITLE
Uniform title <a href="Basic mathematics for trades and technologies">Basic mathematics for trades and technologies</a>
245 10 - TITLE STATEMENT
Title College mathematics for technology.
250 ## - EDITION STATEMENT
Edition statement 6th ed. /
Remainder of edition statement Cheryl Cleaves, Margie Hobbs.
260 ## - PUBLICATION, DISTRIBUTION, ETC. (IMPRINT)
Place of publication, distribution, etc Upper Saddle River, NJ :
Name of publisher, distributor, etc Pearson Prentice Hall,
Date of publication, distribution, etc c2004.
300 ## - PHYSICAL DESCRIPTION
Extent xvii, 1021 p. :
Other physical details ill. ;
Dimensions 29 cm. +
Accompanying material 1 CD-ROM (4 3/4 in.) + 1 website access card
500 ## - GENERAL NOTE
General note Includes index.
538 ## - SYSTEM DETAILS NOTE
System details note System requirements for accompanying CD-ROM: Windows 98 or higher/Macintosh.
650 #0 - SUBJECT ADDED ENTRY--TOPICAL TERM
Topical term or geographic name as entry element Mathematics.
700 1# - ADDED ENTRY--PERSONAL NAME
Personal name Hobbs, Margie,
Dates associated with a name 1943-
906 ## - LOCAL DATA ELEMENT F, LDF (RLIN)
a 7
b cbc
c orignew
d 1
e ocip
f 20
g y-gencatlg
942 ## - ADDED ENTRY ELEMENTS (KOHA)
Source of classification or shelving scheme Library of Congress Classification
Koha item type Long Loan Books

No items available.

© 2026 Rongo University
Contact us: librarian | system librarian | Rongo university